000 00865cam a2200301 4500
001 11836
005 20230410142337.0
008 060907s1998 sp spa
020 _a8481642096
035 _9funglode11926
041 _aspa
050 1 4 _aBT 83.57
_bD974e 1998
100 1 _aDussel, Enrique D.,
_d1934-
245 1 0 _aEtica de la liberación en la edad de la globalización y de la exclusión /
_cEnrique Dussel
260 _aMadrid :
_bTrotta,
_c1998
300 _a661 p.
650 0 _aLiberation theology.
650 0 _aChristian ethics
_xCatholic authors.
650 0 _aHistory
_xPhilosophy.
650 0 _aSocial ethics.
650 0 _aKnowledge, Theory of.
650 4 _aTeología de la liberación.
650 4 _aEtica cristiana.
650 4 _aEtica
_xHistoria.
650 4 _aEtica.
650 4 _aBien y mal.
942 _2lcc
_cbk
999 _c93939
_d93939